| 000 | 00000nas 2200000zi 4500 |
| 001 | 9.912289 |
| 003 | CaOODSP |
| 005 | 20241016101631 |
| 006 | m o d f |
| 007 | cr ||||||||||| |
| 008 | 220614c20279999qucar p o f0###b0fre|d |
| 022 | |a2816-6833 |
| 040 | |aCaOODSP|bfre|erda|cCaOODSP |
| 043 | |an-cn--- |
| 086 | 1 |aEn1-90F-PDF |
| 110 | 1 |aCanada. |bEnvironnement et changement climatique Canada, |eauteur, |eorganisme de publication |
| 222 | 0|aPlan d'audit et d'évaluation d'ECCC ... |
| 245 | 10|aPlan d'audit et d'évaluation d'ECCC ... |
| 246 | 13|aPlan d'audit et d'évaluation d'Environnement et changement climatique Canada |
| 264 | 1|aGatineau (Québec): |bEnvironnement et changement climatique Canada = Environment and Climate Change Canada, |c2022- |
| 310 | |aAnnuel |
| 336 | |atexte|btxt|2rdacontent/fre |
| 337 | |ainformatique|bc|2rdamedia/fre |
| 338 | |aressource en ligne|bcr|2rdacarrier/fre |
| 362 | 1 |aParaît depuis: 2022/2027. |
| 500 | |aPublié aussi en anglais sous le titre : ECCC audit and evaluation plan, ... |
| 550 | |aFusion de : Plan ministeĢriel d'eĢvaluation quinquennal ..., et; Plan d'audit axé sur les risques ... |
| 588 | |aDescription d'après : 2022/2027. |
| 588 | |aDernière livraison consultée : 2022/2027. |
| 610 | 16|aCanada. |bEnvironnement et changement climatique Canada|xPlanification|vPériodiques. |
| 650 | 6|aÉvaluation|zCanada|xPlanification|vPériodiques. |
| 655 | 7|aPériodiques|2rvmgf |
| 775 | 08|tECCC audit and evaluation plan, ... |w(CaOODSP)9.912287 |
| 780 | 00|tPlan d'audit axé sur les risques … |w(CaOODSP)9.893672 |
| 780 | 00|tPlan ministériel d'évaluation quinquennal … |w(CaOODSP)9.874160 |